000 00243nam a2200097Ia 4500
008 240625s9999 xx 000 0 und d
041 _aeng
082 _a808.20 PAN
100 _aPANDEY ARUNESH
245 _aREVIEW AND DOCUMENTATION OF VARIOUS COMM
999 _c35880
_d35880